Statistiken für Die am wenigsten erratenen Länder im "Länder der Welt Quiz"

Klicken Sie hier um das Quiz zu spielen!

Allgemein

  • Dieses Quiz wurde 669 mal gespielt
  • Das Durchschnittsergebnis liegt bei 11 aus 15

Antwortstatistiken

ErratenLand% Korrekt
33%Tuvalu
82%
32%St. Vincent und die Grenadinen
78%
32%Palau
77%
33%St. Kitts und Nevis
77%
32%Vanuatu
77%
30%Nauru
75%
34%Tonga
73%
33%Marshallinseln
72%
33%Samoa
72%
32%Kiribati
70%
30%Salomonen
69%
31%Grenada
66%
31%São Tomé und
Príncipe
66%
32%Antigua und Barbuda
65%
32%Komoren
59%

Verteilung der Resultate

Perzentil nach korrekt beantworteten Fragen

Anzahl Personen mit jedem Resultat

Ihre Resultats-Entwicklung

Sie haben dieses Quiz noch nicht gespielt